Phobos #3: Mayan fear / Steve Alten.
Available copies
- 1 of 1 copy available at LARL/NWRL Consortium.
- 1 of 1 copy available at Lake Agassiz Regional Library. (Show preferred library)
Current holds
0 current holds with 1 total copy.
Show Only Available Copies
| Location | Call Number / Copy Notes | Barcode | Shelving Location | Status | Due Date |
|---|---|---|---|---|---|
| Crookston Public Library | ALT (Text) | 33500010631281 | Main | Available | - |
Record details
- ISBN: 9780765330338 (hbk.)
- ISBN: 0765330334 (hbk.)
- Physical Description: 384 p. : ill. ; 25 cm.
- Edition: 1st ed.
- Publisher: New York : Tor, 2011.
Content descriptions
| General Note: | "A Tom Doherty Associates book." |
| Summary, etc.: | "2012...is the Mayan doomsday prophecy real? For ... Read More |
Search for related items by subject
| Subject: | End of the world > Fiction. |
| Genre: | FICTION / Science Fiction / General Fantasy fiction. |
Search for related items by series
| LDR | 01758cam a2200385 a 4500 | ||
|---|---|---|---|
| 001 | 137917 | ||
| 003 | LARL_NWRL_CONSORTIUM | ||
| 005 | 20111221101928.0 | ||
| 008 | 110601s2011 nyua 000 1 eng | ||
| 020 | . | ‡a9780765330338 (hbk.) | |
| 020 | . | ‡a0765330334 (hbk.) | |
| 035 | . | ‡a(OCoLC)707969520 | |
| 072 | 7. | ‡aFIC028000 ‡2bisacsh | |
| 082 | 0 | 0. | ‡a813/.54 ‡222 |
| 100 | 1 | . | ‡aAlten, Steve. ‡0(LARL_NWRL_CONSORTIUM)122480 |
| 245 | 1 | 0. | ‡aPhobos ‡n#3: ‡bMayan fear / ‡cSteve Alten. |
| 246 | 3 | . | ‡aMaylan fear |
| 250 | . | ‡a1st ed. | |
| 260 | . | ‡aNew York : ‡bTor, ‡c2011. | |
| 300 | . | ‡a384 p. : ‡bill. ; ‡c25 cm. | |
| 490 | 0 | . | ‡aDomain ; ‡v3 |
| 500 | . | ‡a"A Tom Doherty Associates book." | |
| 520 | . | ‡a"2012...is the Mayan doomsday prophecy real? For two thousand years, the Mayan calendar has prophesied the end of mankind on a date equating to December 12, 2012. As the date approaches, greed, corruption, economic collapse, and violence seem to be pushing our species to the predicted brink of disaster. Phobos: Mayan Fear reveals a very real threat, not just to humanity, but to our very planet. The clock is ticking...."--from cover, p. [4] | |
| 650 | 0. | ‡aEnd of the world ‡vFiction. ‡0(LARL_NWRL_CONSORTIUM)164795 | |
| 655 | 7. | ‡aFICTION / Science Fiction / General ‡2bisacsh | |
| 655 | 7. | ‡aFantasy fiction. ‡2gsafd | |
| 901 | . | ‡a137917 ‡bOCLC ‡c137917 ‡tbiblio | |

Add to basket
Permalink
Disable Highlighting